000 00719nam a2200289Ia 4500
005 20260324140511.0
008 008 260324s9999 xx 000 0 eng d
020 _a9780203782415
037 _aEBOOK
040 _aCRL
040 _beng
040 _cCRL
041 _2eng
041 _aeng
084 _qCRL
100 _aJ. Gerald Young; Pierre Ferrari
_91204626
245 0 _aDesigning Mental Health Services for Children and Adolescents
245 2 _bA Shrewd Investment
260 _bTaylor and Francis
260 _c1998
365 _a
365 _b67.99
856 _uhttp://www.taylorfrancis.com/books/9780203782415
942 _cEBOOK
999 _c1806781
_d1806781